The government of the South by the plain people, (Record no. 19183)

MARC details
000 -LEADER
fixed length control field 01051cam a22002771i 4500
001 - CONTROL NUMBER
control field e 11001029
003 - CONTROL NUMBER IDENTIFIER
control field DLC
005 - DATE AND TIME OF LATEST TRANSACTION
control field 20260227111155.0
007 - PHYSICAL DESCRIPTION FIXED FIELD--GENERAL INFORMATION
fixed length control field cr_|||||||||||
008 - FIXED-LENGTH DATA ELEMENTS--GENERAL INFORMATION
fixed length control field 780208s1905 kyu 000 0 eng c
010 ## - LIBRARY OF CONGRESS CONTROL NUMBER
LC control number e 11001029
035 ## - SYSTEM CONTROL NUMBER
System control number (OCoLC)3618587
040 ## - CATALOGING SOURCE
Original cataloging agency Library, U.S. Bur. of Education
Transcribing agency DNIE
Modifying agency OCoLC
-- DLC
042 ## - AUTHENTICATION CODE
Authentication code premarc
050 00 - LIBRARY OF CONGRESS CALL NUMBER
Classification number F215
Item number .M47
051 ## - LIBRARY OF CONGRESS COPY, ISSUE, OFFPRINT STATEMENT
Classification number YA 24749
Copy information Copy no. undetermined.
100 1# - MAIN ENTRY--PERSONAL NAME
Personal name Mayo, A. D.
Fuller form of name (Amory Dwight),
Dates associated with a name 1823-1907.
245 14 - TITLE STATEMENT
Title The government of the South by the plain people,
Statement of responsibility, etc. by A.D. Mayo...
260 ## - PUBLICATION, DISTRIBUTION, ETC.
Place of publication, distribution, etc. [Berea]
Name of publisher, distributor, etc. Printed by Printing dept. of Berea college
Date of publication, distribution, etc. [1905]
300 ## - PHYSICAL DESCRIPTION
Extent cover-title, 32 p.
Dimensions 18 1/2 cm.
500 ## - GENERAL NOTE
General note An address delivered to the faculty and students of Berea college, Ky., on May 1, 1905.
530 ## - ADDITIONAL PHYSICAL FORM AVAILABLE NOTE
Additional physical form available note Also available in digital form on the Internet Archive Web site.
650 #0 - SUBJECT ADDED ENTRY--TOPICAL TERM
Topical term or geographic name entry element Education
Geographic subdivision Southern States.
710 2# - ADDED ENTRY--CORPORATE NAME
Corporate name or jurisdiction name as entry element YA Pamphlet Collection (Library of Congress)
Institution to which field applies DLC
856 41 - ELECTRONIC LOCATION AND ACCESS
Uniform Resource Identifier <a href="http://hdl.loc.gov/loc.gdc/scd0001.00144448960">http://hdl.loc.gov/loc.gdc/scd0001.00144448960</a>

No items available.

Powered by Koha